Σύνοψις της ιστορίας της φιλοσοφίας

Αποθηκεύτηκε σε:
Λεπτομέρειες βιβλιογραφικής εγγραφής
Κύριος συγγραφέας: Tennemann, Wilhelm Gottlieb, 1761-1819
Άλλοι συγγραφείς: Κούμας, Κωνσταντίνος Μ., 1777-1836 (Μεταφραστής)
Μορφή: Βιβλίο
Γλώσσα:Greek
German
Δημοσίευση: Εν Βιέννη της Αυστρίας : Εκ της τυπογραφίας Ιωαν. Βαρθ. Τεσεβεκίου, ΑΩΙΗ',[1818].
Θέματα:
Διαθέσιμο Online:http://hdl.handle.net/11610/16645
Ετικέτες: Προσθήκη ετικέτας
Δεν υπάρχουν, Καταχωρήστε ετικέτα πρώτοι!

MARC

LEADER 00000cam a2200000 i 4500
001 1/67151
008 150217s1818 au | ||| |||| ||gre||
035 |l 10121113 
040 |a GR-MyUA  |b gre  |e AACR2 
041 0 |a gre  |h ger 
082 0 |a 180   |2 (23)  
100 1 |a Tennemann, Wilhelm Gottlieb,   |d 1761-1819. 
240 1 0 |a Grundriss der Geschichte der Philosophie 
245 1 0 |a Σύνοψις της ιστορίας της φιλοσοφίας /   |c συγγραφείσα μεν Γερμανιστί υπό Βιλ. Γότλ. Τενεμάννου ; μεταφρασθείσα δε εις χρήσιν του φιλολογικού της Σμύρνης Γυμνασίου υπό Κ. Μ. Κούμα, εκδοθείσα δε διά φιλοτίμου δαπάνης Π. Νικολαϊδου, Σμυρναίου.  
260 |a Εν Βιέννη της Αυστρίας :   |b Εκ της τυπογραφίας Ιωαν. Βαρθ. Τεσεβεκίου,   |c ΑΩΙΗ',[1818].  
300 |a η', 433 σ. ;   |c 20 εκ.  
500 |a Στο recto υπάρχει αρ. 611. Στη σ. τ. υπάρχει σφραγίδα "Πορφυριάς Εμπορική Σχολή Σάμου Εν Καρλοβασίω" με αρ. 1253.  
500 |a Υπάρχει ψηφιακό αντίγραφο.  
650 0 0 |a Philosophy, Ancient  |x History. 
700 1 |a Κούμας, Κωνσταντίνος Μ.,   |d 1777-1836,  |e trl 
852 |a INST  |b SAMOS  |c PORFYRIADA  |e 20150217  |h 180 TEN  |p 005300041726  |q 005300041726  |t NOLOAN  |y 23 
856 |u http://hdl.handle.net/11610/16645 
901 |a BIBL3-2015-1 
909 |a Σ  |b 191794 
970 |a ΣΙΤΖΙΜΗ  |b ΓΙΑΣΕΜΗ  |z 2015/02/17